000 00508cam a2200205ua 4500
001 10221
008 171016n ii |||gr||||Z||||||asm
020 _a9789381485736
040 _cMAIN
041 _aasm
082 _a398.0954162
100 _aDas, Narayan,
_eEditor.
245 _aAsamar sanskriti kosh (A)
_cEd. by Narayan Das and others
250 _a2nd ed.
260 _aGuwahaati:
_bJyoti prakashan,
_c2014.
300 _a635p.
653 _aFolklore
653 _aCulture of Assam
942 _cBK
999 _c9218
_d9218